| 000 | 00583nam a2200181Ia 4500 | ||
|---|---|---|---|
| 999 |
_c22559 _d22559 |
||
| 003 | OSt | ||
| 005 | 20200515090741.0 | ||
| 008 | 190216s9999||||xx |||||||||||||| ||und|| | ||
| 020 | _a8171510574 | ||
| 040 | _coclc | ||
| 082 |
_a909.097671 _bMAR/H |
||
| 100 |
_aMargoliouth, D S _92327 |
||
| 245 | 0 |
_aHistory Of Islamic Civilization: Umayyads And Abbasids / _cD S Margoliouth |
|
| 260 |
_bKitab Bhavan, _c1994. _aNew Delhi: |
||
| 300 | _a325p | ||
| 650 | 0 |
_aHistory & geography _vIslamic History _92271 |
|
| 942 |
_cBK _2ddc _h909.097671 _iMAR/H _k909.097671 _mMAR/H |
||